[Event "Laval op"]
[Site "Laval CAN"]
[Date "2025.06.21"]
[Round "3.15"]
[White "Beaupre, Eugene jr"]
[Black "Qi, Jason"]
[Result "0-1"]
[WhiteElo "2040"]
[BlackElo "1718"]
[WhiteFideId "-1"]
[WhiteFideId "-1"]
[PlyCount "96"]
[GameId "2192332180205583"]
[EventDate "2025.06.19"]
[EventType "swiss"]
[EventRounds "5"]
[EventCountry "CAN"]

1. e4 c5 2. Nc3 e6 3. Qe2 Nc6 4. Nf3 Qc7 5. d3 Nd4 6. Nxd4 cxd4 7. Nd1 e5 8. g3 Nf6 9. Bg2 Bb4+ 10. Bd2 Bxd2+ 11. Qxd2 O-O 12. O-O d6 13. Rc1 Be6 14. f4 Rfc8 15. f5 Bd7 16. Nf2 Qb6 17. b3 Rc3 18. Bf3 Rac8 19. g4 Qb4 20. g5 Ne8 21. Ng4 Rxb3 22. Qg2 Rb2 23. g6 hxg6 24. fxg6 fxg6 25. h4 Qa4 26. Bd1 Qxa2 27. h5 Qe6 28. hxg6 Qxg6 29. Nf6+ Qxf6 30. Rxf6 Nxf6 31. Ra1 a5 32. Qd2 a4 33. Qc1 Rb6 34. Ra3 Rc3 35. Qa1 Kf8 36. Kf2 Rxa3 37. Qxa3 Ke7 38. c3 dxc3 39. Qxc3 Ra6 40. Qa3 b5 41. Bb3 Rb6 42. Ba2 b4 43. Qb2 Rb8 44. Ke1 b3 45. Bb1 Rh8 46. Qa1 Rh2 47. Kd1 Bg4+ 48. Kc1 b2+ 0-1

[Event "Laval op"]
[Site "Laval CAN"]
[Date "2025.06.21"]
[Round "3.16"]
[White "Lesage, Philippe"]
[Black "Duval, Mathieu"]
[Result "0-1"]
[WhiteElo "1878"]
[BlackElo "2032"]
[WhiteFideId "-1"]
[WhiteFideId "-1"]
[PlyCount "72"]
[GameId "2192332180209680"]
[EventDate "2025.06.19"]
[EventType "swiss"]
[EventRounds "5"]
[EventCountry "CAN"]

1. c4 Nf6 2. Nf3 e6 3. g3 d5 4. Bg2 Nbd7 5. O-O c6 6. d4 Bd6 7. Nfd2 O-O 8. Nc3 b6 9. e4 dxe4 10. Ndxe4 Nxe4 11. Nxe4 Be7 12. Bf4 Ba6 13. Qa4 Qc8 14. Nd6 Bxd6 15. Bxd6 b5 16. Qc2 Rd8 17. cxb5 Bxb5 18. Rfc1 Nb6 19. Bc5 Na4 20. b3 Nxc5 21. Qxc5 Qa6 22. a4 Be2 23. Qxc6 Qxc6 24. Rxc6 Rab8 25. Re1 Bh5 26. Rc7 a6 27. Rc6 Rxb3 28. Rxa6 Rd3 29. Ra5 Bg6 30. d5 exd5 31. Bxd5 h5 32. Bc4 R3d4 33. Bb3 Rb4 34. Bd1 Rb1 35. Kf1 Rdxd1 36. Rxd1 Rxd1+ 0-1

[Event "Laval op"]
[Site "Laval CAN"]
[Date "2025.06.21"]
[Round "3.19"]
[White "Zhu, Hong Rui"]
[Black "Wu, Ting En Ryan"]
[Result "1-0"]
[WhiteElo "2329"]
[BlackElo "1881"]
[WhiteFideId "-1"]
[WhiteFideId "-1"]
[PlyCount "99"]
[GameId "2192332180226067"]
[EventDate "2025.06.19"]
[EventType "swiss"]
[EventRounds "5"]
[EventCountry "CAN"]

1. e4 c5 2. Nf3 Nc6 3. d4 cxd4 4. Nxd4 g6 5. c4 Bg7 6. Nc2 Nf6 7. Nc3 O-O 8. Be3 d6 9. Be2 Nd7 10. Qd2 Nc5 11. f3 a5 12. O-O f5 13. exf5 Bxf5 14. Rad1 Ne6 15. Na3 Ned4 16. Nab5 e5 17. Bd3 Be6 18. b3 Qe7 19. Be4 Rad8 20. Rfe1 Nf5 21. Bxf5 gxf5 22. Nd5 Qf7 23. Bg5 Bxd5 24. Bxd8 Bxf3 25. gxf3 Rxd8 26. Qd5 Nd4 27. Nxd4 Qxd5 28. cxd5 exd4 29. f4 Kf7 30. Kg2 Rc8 31. Rc1 Rc5 32. Rxc5 dxc5 33. a4 b6 34. Kf3 Bf6 35. Re6 Bd8 36. Rh6 Kg7 37. Rd6 Be7 38. Rxb6 Kf8 39. Ke2 Ke8 40. Rh6 Kd7 41. Kd3 Bd6 42. Rxh7+ Ke8 43. Rh5 Bxf4 44. h3 Kd7 45. Rxf5 Be3 46. Rf6 Kc7 47. h4 Kd7 48. h5 Ke7 49. Re6+ Kf7 50. Rxe3 1-0

[Event "Laval op"]
[Site "Laval CAN"]
[Date "2025.06.21"]
[Round "3.20"]
[White "Zhang, Yitian"]
[Black "Genzling, Jerome"]
[Result "1/2-1/2"]
[WhiteElo "1892"]
[BlackElo "2182"]
[WhiteFideId "-1"]
[WhiteFideId "-1"]
[PlyCount "81"]
[GameId "2192332180226068"]
[EventDate "2025.06.19"]
[EventType "swiss"]
[EventRounds "5"]
[EventCountry "CAN"]

1. d4 d5 2. c4 e6 3. Nc3 a6 4. cxd5 exd5 5. Nf3 c6 6. Bg5 Be7 7. Bxe7 Qxe7 8. e3 Bf5 9. Bd3 Bxd3 10. Qxd3 Nf6 11. O-O Nbd7 12. Rab1 a5 13. a3 Ne4 14. Qc2 Nd6 15. b4 axb4 16. axb4 b5 17. Rfe1 f5 18. Ne2 Rc8 19. Ra1 O-O 20. Ra7 Nc4 21. Rea1 Qd6 22. Qb3 Ndb6 23. Nc3 Rce8 24. g3 Qh6 25. Kg2 Qh5 26. Qa2 Nxe3+ 27. fxe3 Rxe3 28. Ne5 Rxc3 29. Qd2 Rb3 30. Rb7 Nc4 31. Nxc4 bxc4 32. Raa7 Qf3+ 33. Kh3 Qg4+ 34. Kg2 h6 35. Rxg7+ Qxg7 36. Rxg7+ Kxg7 37. Qe2 Rf6 38. Qe7+ Rf7 39. Qe5+ Rf6 40. Qe7+ Rf7 41. Qe5+ 1/2-1/2

[Event "Laval op"]
[Site "Laval CAN"]
[Date "2025.06.21"]
[Round "3.21"]
[White "Lucas, Jean"]
[Black "Pitre, Lucas"]
[Result "0-1"]
[WhiteElo "1756"]
[BlackElo "2031"]
[WhiteFideId "-1"]
[WhiteFideId "-1"]
[PlyCount "78"]
[GameId "2192332180226069"]
[EventDate "2025.06.19"]
[EventType "swiss"]
[EventRounds "5"]
[EventCountry "CAN"]

1. d4 d6 2. e4 Nf6 3. Nc3 e5 4. dxe5 dxe5 5. Qxd8+ Kxd8 6. Bc4 Bb4 7. Bg5 Bxc3+ 8. bxc3 Ke7 9. f4 h6 10. Bh4 Ke8 11. Bxf6 gxf6 12. fxe5 fxe5 13. Nf3 f6 14. O-O Nd7 15. Nh4 Rh7 16. Rae1 a5 17. Bg8 Rg7 18. Be6 Ra6 19. Bd5 Nc5 20. Re3 Rd6 21. Bc4 Rg4 22. Nf5 Bxf5 23. Rxf5 Rxe4 24. Rxe4 Nxe4 25. Rh5 Rd1+ 26. Bf1 Nd2 27. Rf5 Ke7 28. g4 Ke6 29. Kg2 Rxf1 30. Rxf1 Nxf1 31. Kxf1 b5 32. Ke2 f5 33. c4 bxc4 34. h3 fxg4 35. hxg4 e4 36. Ke3 Ke5 37. c3 a4 38. a3 c6 39. g5 hxg5 0-1

[Event "Laval op"]
[Site "Laval CAN"]
[Date "2025.06.21"]
[Round "3.22"]
[White "Robichaud, Louis"]
[Black "Di Matteo, Alessio"]
[Result "1-0"]
[WhiteElo "2022"]
[BlackElo "1996"]
[WhiteFideId "-1"]
[WhiteFideId "-1"]
[PlyCount "99"]
[GameId "2192332180226070"]
[EventDate "2025.06.19"]
[EventType "swiss"]
[EventRounds "5"]
[EventCountry "CAN"]

1. e4 c5 2. Nc3 a6 3. g3 b5 4. Bg2 Bb7 5. d3 e6 6. Nf3 Nc6 7. O-O d6 8. Re1 Nf6 9. a4 b4 10. Nb1 Be7 11. Nbd2 O-O 12. Nc4 Qc7 13. c3 a5 14. cxb4 axb4 15. Bf4 e5 16. Bg5 h6 17. Bxf6 Bxf6 18. Ne3 Nd4 19. Nxd4 exd4 20. Nc4 Rfe8 21. Nxd6 Qxd6 22. e5 Rxe5 23. Bxb7 Ra5 24. Rxe5 Qxe5 25. Qb3 Ra7 26. Bd5 Rd7 27. Bc4 h5 28. Qd1 Qf5 29. h4 Bd8 30. a5 Re7 31. a6 Bb6 32. Kg2 g6 33. Qf3 Qxf3+ 34. Kxf3 Kg7 35. Kg2 Kf6 36. Kf1 Kg7 37. Re1 Rc7 38. Re8 Ba7 39. Kg2 Kf6 40. Kf3 Rd7 41. Ke4 Kg7 42. Bb5 Rc7 43. Kd5 Kf6 44. Kd6 Bb6 45. Rb8 c4 46. Rxb6 c3 47. Kxc7+ Ke5 48. a7 cxb2 49. a8=Q b1=Q 50. Qe4# 1-0

[Event "Laval op"]
[Site "Laval CAN"]
[Date "2025.06.21"]
[Round "3.23"]
[White "Dufresne, Christophe"]
[Black "Dube, Daniel"]
[Result "1/2-1/2"]
[WhiteElo "1911"]
[BlackElo "1896"]
[WhiteFideId "-1"]
[WhiteFideId "-1"]
[PlyCount "112"]
[GameId "2192332180226071"]
[EventDate "2025.06.19"]
[EventType "swiss"]
[EventRounds "5"]
[EventCountry "CAN"]

1. e4 g6 2. d4 d6 3. Nc3 c6 4. Be3 Bg7 5. Qd2 e5 6. Nf3 Bg4 7. dxe5 dxe5 8. Qxd8+ Kxd8 9. O-O-O+ Nd7 10. h3 Bxf3 11. gxf3 Bh6 12. h4 Bxe3+ 13. fxe3 Ke7 14. Bh3 Ngf6 15. Rd2 Rad8 16. Nd1 Nc5 17. Nf2 Rxd2 18. Kxd2 Rd8+ 19. Nd3 Nxd3 20. cxd3 c5 21. Rc1 Kd6 22. f4 b6 23. Ke2 Nh5 24. fxe5+ Kxe5 25. b4 Kd6 26. bxc5+ bxc5 27. Rb1 Re8 28. Rb7 Re7 29. e5+ Rxe5 30. Rd7+ Kc6 31. Rxf7 a5 32. Bd7+ Kd6 33. Bb5 Re7 34. Rxe7 Kxe7 35. Kf3 Ng7 36. e4 Ne6 37. Bc4 Nd4+ 38. Kf4 h6 39. Bd5 Kf6 40. e5+ Ke7 41. Be4 Ne6+ 42. Kg4 g5 43. hxg5 hxg5 44. Kf5 a4 45. Bd5 Ng7+ 46. Kxg5 Ne8 47. Bc6 Nc7 48. Bxa4 Ke6 49. Kf4 Nd5+ 50. Kf3 Kxe5 51. Bb3 Kd4 52. Bc4 Nb6 53. Bb5 c4 54. dxc4 Nxc4 55. Ke2 Na3 56. Kd2 Nxb5 1/2-1/2

[Event "Laval op"]
[Site "Laval CAN"]
[Date "2025.06.21"]
[Round "3.24"]
[White "Desforges, Jean"]
[Black "Page, Dany"]
[Result "1-0"]
[WhiteElo "1911"]
[BlackElo "1896"]
[WhiteFideId "-1"]
[WhiteFideId "-1"]
[PlyCount "67"]
[GameId "2192332180226072"]
[EventDate "2025.06.19"]
[EventType "swiss"]
[EventRounds "5"]
[EventCountry "CAN"]

1. d4 Nf6 2. c4 e6 3. Nf3 c5 4. g3 cxd4 5. Nxd4 Nc6 6. Bg2 Bb4+ 7. Nc3 Qa5 8. Ndb5 O-O 9. a3 Bc5 10. Rb1 Qd8 11. b4 Be7 12. Bf4 Ne8 13. Nd6 g5 14. Nxc8 Rxc8 15. Be3 d6 16. O-O f5 17. Nb5 a6 18. Nd4 Qd7 19. Nxe6 Rf6 20. Nxg5 Rg6 21. Bd5+ Kg7 22. Nh3 Ne5 23. Nf4 Rh6 24. Nd3 Rg6 25. Bd4 Bf6 26. Nf4 Nc7 27. Nxg6 hxg6 28. Bxb7 Rh8 29. Bg2 Ne6 30. Bb2 Kf8 31. c5 Qh7 32. h3 Ng5 33. Qxd6+ Be7 34. Qxe5 1-0

[Event "Laval op"]
[Site "Laval CAN"]
[Date "2025.06.21"]
[Round "3.25"]
[White "Dukkardt, Vladimir"]
[Black "Vaillant, Charles-Etienne"]
[Result "1/2-1/2"]
[WhiteElo "1842"]
[BlackElo "1899"]
[WhiteFideId "-1"]
[WhiteFideId "-1"]
[PlyCount "132"]
[GameId "2192332180226073"]
[EventDate "2025.06.19"]
[EventType "swiss"]
[EventRounds "5"]
[EventCountry "CAN"]

1. e4 c5 2. Nf3 e6 3. d4 cxd4 4. Nxd4 Nf6 5. Nc3 Nc6 6. Be3 Bb4 7. Nxc6 bxc6 8. Qd4 c5 9. Qe5 d6 10. Bb5+ Bd7 11. Bxd7+ Qxd7 12. Qg3 Nxe4 13. Qxg7 O-O-O 14. Qg4 Qb7 15. Qf3 Nxc3 16. a3 Qxf3 17. gxf3 Ba5 18. Bd2 Rhg8 19. Bxc3 Bxc3+ 20. bxc3 Rd7 21. Ke2 Rb7 22. Rhg1 Rg6 23. h4 Kc7 24. Rg3 Kc6 25. c4 Rb6 26. h5 Rf6 27. h6 Rxh6 28. Rg7 Rb7 29. Rg8 Rh4 30. Kd3 Rd4+ 31. Kc3 Rf4 32. Rg3 h5 33. Rh3 h4 34. Rg1 Rb8 35. Rg4 Rxg4 36. fxg4 Rh8 37. Kd3 d5 38. cxd5+ Kxd5 39. f4 c4+ 40. Ke3 e5 41. f5 f6 42. c3 a6 43. a4 a5 44. Kf3 Rh7 45. Ke3 Rh8 46. Kf3 Rh6 47. g5 fxg5 48. Kg4 e4 49. Kxg5 Rh8 50. Kg6 e3 51. Rxe3 h3 52. Re1 h2 53. Rh1 Rh3 54. f6 Rg3+ 55. Kf7 Rf3 56. Rxh2 Ke4 57. Rh5 Kd3 58. Rxa5 Kxc3 59. Rb5 Kd2 60. Ke6 c3 61. f7 c2 62. Rc5 Re3+ 63. Kd6 Rd3+ 64. Ke7 Re3+ 65. Kd7 Rd3+ 66. Ke6 Re3+ 1/2-1/2

[Event "Laval op"]
[Site "Laval CAN"]
[Date "2025.06.21"]
[Round "3.26"]
[White "Ivanov Yuan, Maksim"]
[Black "Chang-Solomon, Donnell"]
[Result "1/2-1/2"]
[WhiteElo "1878"]
[BlackElo "1289"]
[WhiteFideId "-1"]
[WhiteFideId "-1"]
[PlyCount "180"]
[GameId "2192332180226074"]
[EventDate "2025.06.19"]
[EventType "swiss"]
[EventRounds "5"]
[EventCountry "CAN"]

1. e4 d5 2. exd5 Nf6 3. d4 Qxd5 4. Nf3 Bg4 5. Be2 Nc6 6. O-O O-O-O 7. c3 e6 8. h3 h5 9. Nbd2 Be7 10. b4 e5 11. b5 exd4 12. Qb3 Qxb3 13. axb3 dxc3 14. Nc4 Bxf3 15. Bxf3 Nd4 16. Ne5 Nxf3+ 17. gxf3 Rd5 18. Rxa7 Kb8 19. Be3 c2 20. Rfa1 Rd1+ 21. Kg2 Rxa1 22. Rxa1 Nd5 23. Bd2 Bb4 24. Bc1 Re8 25. Nd3 Bd6 26. Kf1 Nb4 27. Ne1 Be5 28. Ra4 Bc3 29. Ng2 Nd3 30. Rc4 Nxc1 31. Rxc3 Nxb3 32. Rxc2 Nd4 33. Rc5 Nxf3 34. Rxh5 Nd2+ 35. Kg1 Nf3+ 36. Kh1 Re5 37. Nf4 Rxh5 38. Nxh5 g6 39. Nf6 Nd4 40. Nd7+ Kc8 41. Ne5 Nxb5 42. Nxf7 c5 43. Kg1 Nd4 44. Kf1 b5 45. Ke1 Kc7 46. Kd2 Kb6 47. Ne5 g5 48. Nd7+ Kc6 49. Ne5+ Kd5 50. Nd7 b4 51. Nb6+ Kc6 52. Nc4 Kb5 53. Kd3 Nf3 54. Nd6+ Kc6 55. Nf7 Kd7 56. Kc2 Ke6 57. Nd8+ Kd5 58. Nf7 c4 59. Kb2 Kd4 60. Nd6 Ng1 61. h4 Kd5 62. h5 Nf3 63. h6 Ne5 64. h7 Ng6 65. Nf7 Kd4 66. Nxg5 Kd3 67. f4 Kd2 68. Nf3+ Kd1 69. Nd4 Kd2 70. f5 Nh8 71. Nc6 c3+ 72. Ka2 c2 73. Na5 Kd1 74. Nb3 Ke2 75. Kb2 Kd1 76. f6 Nf7 77. Nc1 Kd2 78. Na2 Kd1 79. Nc1 Kd2 80. Na2 Kd1 81. Kb3 Kd2 82. Kxb4 Kd3 83. Nc1+ Kd2 84. Nb3+ Kd3 85. Nc1+ Kd2 86. Na2 Kd3 87. Kb3 Nh8 88. Nb4+ Kd4 89. Nc6+ Kd5 90. Nb4+ Ke6 1/2-1/2

[Event "Laval op"]
[Site "Laval CAN"]
[Date "2025.06.20"]
[Round "4.1"]
[White "Dukic, Zachary"]
[Black "Rodrigue-Lemieux, Shawn"]
[Result "0-1"]
[Annotator "hugh_"]
[WhiteElo "2191"]
[BlackElo "2514"]
[WhiteFideId "-1"]
[WhiteFideId "-1"]
[PlyCount "78"]
[GameId "2190925937172480"]
[EventDate "2025.06.19"]
[EventType "swiss"]
[EventRounds "5"]
[EventCountry "CAN"]

{[%evp 0,78,17,19,17,60,21,12,-37,21,43,112,56,41,55,43,53,50,33,30,47,54,32,39,79,47,56,73,49,32,32,13,75,6,39,13,29,25,11,-7,10,-31,23,-28,1,-82,-66,-62,-84,-101,-78,-142,-138,-162,-174,-149,117,-109,-106,-235,-141,-380,-454,-380,-394,-486,-564,-546,-261,-249,-187,-277,-251,-227,-222,-497,-385,-824,-855,-910,-850]} 1. e4 c5 2. Nf3 Nc6 3. d4 cxd4 4. Nxd4 e6 5. Nc3 Bc5 6. Ndb5 Nf6 7. Bf4 O-O 8. Bc7 Qe7 9. Bd6 Bxd6 10. Qxd6 Qd8 11. O-O-O a6 12. Nd4 Ne7 13. h4 b5 14. a3 Bb7 15. f3 Re8 16. Qh2 Rc8 17. h5 h6 18. g4 e5 19. Nde2 Qb6 20. Kb1 Qe3 21. g5 Qxg5 22. Ng3 Kh8 23. Bd3 Qe3 24. Rhf1 Qc5 25. Qh4 b4 26. axb4 Qxb4 27. Nge2 Ned5 28. Nxd5 Bxd5 29. Nc1 Rc3 30. Qe1 Rb8 31. Nb3 Rxb3 32. cxb3 Qxb3 33. Rf2 Be6 34. Kc1 Qa2 35. Bb1 Qa1 36. Qc3 Ba2 37. Qd3 Bb3 38. Rg1 Rc8+ 39. Kd2 Qa5+ 0-1

[Event "Laval op"]
[Site "Laval CAN"]
[Date "2025.06.22"]
[Round "4.2"]
[White "Chiku-Ratte, Olivier-Kenta"]
[Black "Zheng, Richard"]
[Result "1-0"]
[Annotator "hugh_"]
[WhiteElo "2303"]
[BlackElo "2302"]
[WhiteFideId "-1"]
[WhiteFideId "-1"]
[PlyCount "71"]
[GameId "2191551224012800"]
[EventDate "2025.06.19"]
[EventType "swiss"]
[EventRounds "5"]
[EventCountry "CAN"]

{[%evp 0,71,18,26,23,31,20,20,42,16,3,7,11,30,18,14,39,14,27,25,25,22,23,18,36,19,15,20,-7,0,5,8,27,-7,16,33,2,-14,135,70,68,46,89,-28,-14,-18,-32,-98,-121,-85,-83,-62,-98,-244,-229,-283,-366,-365,-374,-339,-393,-295,-246,-177,-268,-280,-353,-580,851,874,863,907,903,1005]} 1. d4 d5 2. c4 c6 3. Nf3 Nf6 4. Nbd2 Bf5 5. Nh4 Bc8 6. e3 e6 7. Nhf3 Be7 8. Bd3 Nbd7 9. O-O O-O 10. b3 dxc4 11. bxc4 c5 12. Bb2 cxd4 13. exd4 b6 14. Qe2 Bb7 15. Rad1 Qc7 16. d5 Rae8 17. dxe6 Bc5 18. Ng5 Qf4 19. Nh3 Qc7 20. Bf5 Qc6 21. Nf3 fxe6 22. Bc2 e5 23. Nhg5 h6 24. Nh3 g5 25. Qd2 Re7 26. Kh1 g4 27. Qxh6 gxf3 28. g4 Nxg4 29. Qh4 Rg7 30. Rg1 Ndf6 31. Bxe5 Qe6 32. Bxf6 Rxf6 33. Ng5 Rxg5 34. Qh7+ Kf8 35. Rd8+ Qe8 36. Qh8+ 1-0

[Event "Laval op"]
[Site "Laval CAN"]
[Date "2025.06.22"]
[Round "4.3"]
[White "Batorshyn, Ilia"]
[Black "Masse, Hugues"]
[Result "1-0"]
[Annotator "hugh_"]
[WhiteElo "2183"]
[BlackElo "2103"]
[WhiteFideId "-1"]
[WhiteFideId "-1"]
[PlyCount "61"]
[GameId "2191551224012800"]
[EventDate "2025.06.19"]
[EventType "swiss"]
[EventRounds "5"]
[EventCountry "CAN"]

{[%evp 0,61,15,-8,58,0,1,3,-34,-8,-17,0,0,4,2,3,18,32,60,63,78,67,71,69,110,48,70,27,176,185,177,172,173,131,122,162,199,207,207,225,211,205,160,219,220,175,165,24,166,147,266,251,219,218,218,220,420,189,386,337,516,581,638,640]} 1. b3 Nf6 2. Bb2 c5 3. c4 Nc6 4. Bxf6 gxf6 5. Nc3 f5 6. g3 Bg7 7. Bg2 d6 8. e3 Qd7 9. Nge2 b6 10. O-O Bb7 11. d4 O-O-O 12. a3 Kb8 13. b4 cxb4 14. axb4 Nxb4 15. Bxb7 Qxb7 16. Qb1 a5 17. Qxf5 e6 18. Qb5 Rc8 19. Rfb1 Rc6 20. Ra4 Rhc8 21. Na2 Nxa2 22. Rxa2 R8c7 23. Ra4 Bf8 24. Nf4 Ka7 25. Nd3 Qa6 26. Qxa6+ Kxa6 27. Nb4+ Kb7 28. Nxc6 Kxc6 29. d5+ Kb7 30. Rxa5 Rxc4 31. Rab5 1-0

[Event "Laval op"]
[Site "Laval CAN"]
[Date "2025.06.22"]
[Round "4.4"]
[White "Berube, Antoine"]
[Black "Guillemette, Hugo"]
[Result "1/2-1/2"]
[Annotator "hugh_"]
[WhiteElo "2052"]
[BlackElo "2174"]
[WhiteFideId "-1"]
[WhiteFideId "-1"]
[PlyCount "91"]
[GameId "2191551224037376"]
[EventDate "2025.06.19"]
[EventType "swiss"]
[EventRounds "5"]
[EventCountry "CAN"]

{[%evp 0,91,17,35,11,15,21,13,16,8,15,19,48,29,36,32,24,30,7,12,17,28,33,12,-29,9,-5,23,22,-38,-39,-40,-22,-48,-48,-48,-40,-36,7,-21,-16,1,-5,7,7,-39,-4,30,-45,-9,-8,6,27,34,64,50,42,142,51,16,55,135,49,45,1,49,53,18,54,43,56,58,101,70,53,36,43,123,82,211,84,14,12,-1,83,-7,21,-49,50,-18,-37,-42,13,-54]} 1. d4 Nf6 2. c4 e6 3. Nf3 b6 4. g3 Ba6 5. b3 Bb4+ 6. Bd2 Be7 7. Nc3 d5 8. cxd5 exd5 9. Bg2 O-O 10. O-O Nbd7 11. a3 Re8 12. b4 Bd6 13. b5 Bb7 14. Bf4 Ne4 15. Nxe4 dxe4 16. Nd2 Bxf4 17. gxf4 Bd5 18. e3 a6 19. bxa6 Rxa6 20. Qc2 Nf6 21. Rfc1 Re7 22. Nc4 Bxc4 23. Qxc4 Ra5 24. a4 Qd7 25. Qc6 Qg4 26. Rab1 Ne8 27. Rb5 Rxb5 28. Qxb5 Nd6 29. Qg5 Qd7 30. a5 h6 31. Qd5 bxa5 32. Qxa5 g6 33. Rc5 Kg7 34. Qa1 Re8 35. Qc1 Rb8 36. Qc2 Ra8 37. h3 Ra1+ 38. Kh2 Qe6 39. d5 Qf6 40. Rxc7 g5 41. Qc3 Qxc3 42. Rxc3 gxf4 43. exf4 Rd1 44. f3 e3 45. Rxe3 Rxd5 46. Re5 1/2-1/2

[Event "Laval op"]
[Site "Laval CAN"]
[Date "2025.06.22"]
[Round "4.5"]
[White "Pomerantz, Daniel"]
[Black "Duong, Thanh Nha"]
[Result "1-0"]
[WhiteElo "2067"]
[BlackElo "2335"]
[WhiteFideId "-1"]
[WhiteFideId "-1"]
[PlyCount "209"]
[GameId "2192332180226095"]
[EventDate "2025.06.19"]
[EventType "swiss"]
[EventRounds "5"]
[EventCountry "CAN"]

1. e4 e5 2. Nf3 Nf6 3. Nxe5 d6 4. Nf3 Nxe4 5. d4 d5 6. Bd3 Bd6 7. O-O O-O 8. c4 c6 9. Nc3 Nxc3 10. bxc3 dxc4 11. Bxc4 Bf5 12. Bg5 Qa5 13. Nh4 Be6 14. Bxe6 Qxg5 15. Nf3 Qa5 16. Qb3 Qc7 17. Bc4 Nd7 18. g3 Nb6 19. Bd3 g6 20. a4 Rab8 21. Rfe1 c5 22. a5 Nd7 23. Qa2 Rbc8 24. a6 b6 25. Qd5 Kg7 26. Ne5 Nf6 27. Qb7 Rfe8 28. Bb5 Re7 29. Nc6 Qxb7 30. axb7 Rxb7 31. Ba6 Rxc6 32. Bxb7 Rc7 33. Ba6 cxd4 34. cxd4 Bb4 35. Rac1 Rd7 36. Red1 Nd5 37. Bb5 Rd8 38. Rd3 Bd6 39. Kg2 h5 40. h4 Nb4 41. Re3 Bf8 42. Rf3 Nd5 43. Rc6 Ne7 44. Rc7 Nf5 45. Rxa7 Rxd4 46. Be8 Re4 47. Bxf7 Be7 48. Ba2 Re5 49. Rd3 Kf6 50. Rb3 b5 51. Bb1 Nd4 52. Ra6+ Ne6 53. Rf3+ Kg7 54. Bc2 Nd8 55. Re3 Rxe3 56. fxe3 g5 57. hxg5 Bxg5 58. Kf3 b4 59. Rb6 Be7 60. Ke4 h4 61. gxh4 Bxh4 62. Rxb4 Nc6 63. Rb7+ Ne7 64. Ke5 Kh6 65. e4 Ng6+ 66. Kd5 Bg3 67. Rb3 Bf4 68. Ke6 Kg5 69. Rb5+ Kg4 70. Kf6 Nh4 71. e5 Bg5+ 72. Kf7 Kf4 73. e6 Nf5 74. Ra5 Nd6+ 75. Kg6 Bd8 76. Rd5 Be7 77. Rh5 Ke3 78. Rh7 Nc8 79. Rh5 Nd6 80. Bb3 Kd4 81. Ba4 Ke4 82. Rh7 Bf8 83. e7 Bxe7 84. Rxe7+ Kd5 85. Bb3+ Kc5 86. Kf6 Nb5 87. Re1 Kb4 88. Be6 Nd4 89. Rc1 Ne2 90. Rc8 Nc3 91. Ke5 Nb5 92. Bd5 Ka5 93. Bc4 Na7 94. Ra8 Kb6 95. Kd6 Kb7 96. Rh8 Nc8+ 97. Kc5 Kc7 98. Rh7+ Kd8 99. Ba6 Ne7 100. Kd6 Nf5+ 101. Ke5 Ne7 102. Ke6 Nc6 103. Rd7+ Ke8 104. Bb5 Nd8+ 105. Kf6 1-0

[Event "Laval op"]
[Site "Laval CAN"]
[Date "2025.06.22"]
[Round "4.6"]
[White "Duval, Mathieu"]
[Black "Zhang, Chu Hang"]
[Result "1-0"]
[WhiteElo "2032"]
[BlackElo "2228"]
[WhiteFideId "-1"]
[WhiteFideId "-1"]
[PlyCount "89"]
[GameId "2192332180226096"]
[EventDate "2025.06.19"]
[EventType "swiss"]
[EventRounds "5"]
[EventCountry "CAN"]

1. d4 Nf6 2. c4 e6 3. Nc3 d5 4. Nf3 Bb4 5. e3 c5 6. a3 Ba5 7. Bd3 cxd4 8. exd4 dxc4 9. Bxc4 Qc7 10. Qd3 Bxc3+ 11. bxc3 b6 12. O-O Bb7 13. Ne5 Nbd7 14. Re1 Nxe5 15. dxe5 Nd7 16. Bb5 O-O-O 17. Qe2 Nc5 18. Bg5 Rdg8 19. Rad1 h6 20. Be3 Rd8 21. Bxc5 Qxc5 22. Ba6 Bxa6 23. Qxa6+ Kb8 24. Rb1 Rd2 25. Re3 Rhd8 26. Qa4 Qd5 27. h4 Rd7 28. Qg4 g6 29. h5 g5 30. Qf3 Qa2 31. Rf1 Qxa3 32. Qf6 Rd1 33. Rxd1 Rxd1+ 34. Kh2 Qa4 35. Qxf7 Qh4+ 36. Rh3 Qf4+ 37. Qxf4 gxf4 38. Rf3 Re1 39. Rxf4 Rxe5 40. g4 a5 41. Rf6 a4 42. Rxh6 a3 43. Rh8+ Kb7 44. h6 a2 45. h7 1-0

[Event "Laval op"]
[Site "Laval CAN"]
[Date "2025.06.22"]
[Round "4.7"]
[White "Nassar, Marc"]
[Black "Hebrard, Emmanuel"]
[Result "1-0"]
[WhiteElo "2187"]
[BlackElo "2052"]
[WhiteFideId "-1"]
[WhiteFideId "-1"]
[PlyCount "75"]
[GameId "2192332180271153"]
[EventDate "2025.06.19"]
[EventType "swiss"]
[EventRounds "5"]
[EventCountry "CAN"]

1. e4 e6 2. d4 d5 3. Nc3 Bb4 4. Nge2 dxe4 5. a3 Be7 6. Nxe4 Nf6 7. Nxf6+ Bxf6 8. Be3 b6 9. Qd2 Bb7 10. O-O-O O-O 11. Rg1 Nd7 12. g4 c5 13. g5 Be7 14. h4 Qc8 15. h5 cxd4 16. Bxd4 Nc5 17. Qe3 f6 18. gxf6 Bxf6 19. Nc3 Kh8 20. Be2 e5 21. Bxe5 Qf5 22. f4 Bxe5 23. fxe5 Rae8 24. Rdf1 Qe6 25. Kb1 Rxf1+ 26. Rxf1 Nd7 27. Bb5 Bc6 28. Bxc6 Qxc6 29. Qd4 Kg8 30. Re1 a6 31. h6 Re6 32. hxg7 Kxg7 33. Nd5 Nc5 34. Nf6 Rxf6 35. exf6+ Qxf6 36. Re7+ Kg6 37. Qg4+ Kh6 38. Qh3+ 1-0

[Event "Laval op"]
[Site "Laval CAN"]
[Date "2025.06.22"]
[Round "4.8"]
[White "Richard, Leo"]
[Black "St-Germain, Jack"]
[Result "1-0"]
[WhiteElo "2014"]
[BlackElo "2149"]
[WhiteFideId "-1"]
[WhiteFideId "-1"]
[PlyCount "61"]
[GameId "2192332180271154"]
[EventDate "2025.06.19"]
[EventType "swiss"]
[EventRounds "5"]
[EventCountry "CAN"]

1. e4 e6 2. d3 d5 3. Nd2 Nf6 4. g3 Be7 5. Bg2 O-O 6. Ne2 Nc6 7. O-O dxe4 8. dxe4 e5 9. h3 h5 10. Nc3 Be6 11. f4 exf4 12. gxf4 Bc5+ 13. Kh1 Ng4 14. f5 Ne3 15. Qxh5 Nxf1 16. Bxf1 Qd4 17. Nf3 Qf2 18. Bf4 Nd4 19. Ng5 Rfe8 20. fxe6 Nxe6 21. Qxf7+ Kh8 22. Qh5+ Kg8 23. Qh7+ Kf8 24. Qf5+ Kg8 25. Bc4 Rad8 26. Qf7+ Kh8 27. Qh5+ Kg8 28. Bxe6+ Rxe6 29. Qh7+ Kf8 30. Qh8+ Ke7 31. Qxg7+ 1-0

[Event "Laval op"]
[Site "Laval CAN"]
[Date "2025.06.22"]
[Round "4.9"]
[White "Berube, Maximilien"]
[Black "Sun, Jonathan"]
[Result "1/2-1/2"]
[WhiteElo "2144"]
[BlackElo "1977"]
[WhiteFideId "-1"]
[WhiteFideId "-1"]
[PlyCount "110"]
[GameId "2192332180271155"]
[EventDate "2025.06.19"]
[EventType "swiss"]
[EventRounds "5"]
[EventCountry "CAN"]

1. d4 Nf6 2. c4 g6 3. Nc3 Bg7 4. e4 d6 5. Be2 O-O 6. h4 c6 7. h5 e5 8. h6 Bh8 9. d5 cxd5 10. cxd5 a6 11. Be3 Nbd7 12. f3 b5 13. g4 Nb6 14. b3 Bd7 15. Rc1 Rc8 16. Nh3 b4 17. Nb1 Rxc1 18. Qxc1 a5 19. Nd2 Qb8 20. Kf2 Rc8 21. Qb1 Nfxd5 22. exd5 Nxd5 23. Bc4 Nc3 24. Qd3 Bc6 25. Nb1 d5 26. Ba6 e4 27. Qf1 Re8 28. Nxc3 bxc3 29. fxe4 Rxe4 30. Bd3 Re8 31. Rg1 Be5 32. Qc1 Qd6 33. Bf4 Qc5+ 34. Be3 d4 35. Bf4 Qd5 36. Rg3 Bxf4 37. Nxf4 Qe5 38. Rg1 g5 39. Ng2 Qd5 40. Qd1 Re6 41. Bf5 c2 42. Bxc2 d3 43. Bxd3 Qd4+ 44. Kg3 Rd6 45. Bxh7+ Kxh7 46. Qxd4 Rxd4 47. Rf1 Rd3+ 48. Kh2 Rd2 49. Rxf7+ Kh8 50. Rf8+ Kh7 51. Rf7+ Kg8 52. Rg7+ Kh8 53. Rxg5 Rxg2+ 54. Kh3 Rxa2 55. Re5 Be4 1/2-1/2